UM Logo

What raises chances to have dementia/ (Record no. 14102)

MARC details
000 -LEADER
fixed length control field 00355nam a2200121 4500
008 - FIXED-LENGTH DATA ELEMENTS--GENERAL INFORMATION
fixed length control field 190801b ||||| |||| 00| 0 eng d
100 ## - MAIN ENTRY--PERSONAL NAME
9 (RLIN) 39131
Personal name Espedilla, Fritz
245 ## - TITLE STATEMENT
Title What raises chances to have dementia/
Statement of responsibility, etc. Fritz Espedilla
260 ## - PUBLICATION, DISTRIBUTION, ETC. (IMPRINT)
Place of publication, distribution, etc. Davao City:
Name of publisher, distributor, etc. Sun Star Davao;
Date of publication, distribution, etc. c2019.
300 ## - PHYSICAL DESCRIPTION
Extent page B3.
650 #0 - SUBJECT ADDED ENTRY--TOPICAL TERM
9 (RLIN) 39132
Topical term or geographic name as entry element Dementia.
942 ## - ADDED ENTRY ELEMENTS (KOHA)
Source of classification or shelving scheme Dewey Decimal Classification
Koha item type Periodicals
Holdings
Withdrawn status Lost status Source of classification or shelving scheme Damaged status Not for loan Collection code Home library Current library Date acquired Total Checkouts Date last seen Price effective from Koha item type Public note
    Dewey Decimal Classification     Periodicals UM Digos College - LIC UM Digos College - LIC 08/01/2019   08/01/2019 08/01/2019 Periodicals Newspaper Clippings